000 03845camaa22012854i 4500
003 PE-LiUPU
005 20250813185429.0
008 190403s1994 sp rb 001 0 spa d
020 _a847774095X
020 _a9788477740957
035 _a(Sirsi) i9788477740957
035 _a(OCoLC)434400614
_z(OCoLC)970591365
_z(OCoLC)1024340921
_z(OCoLC)1055154158
040 _aPE-LiUPU
_bspa
_cPE-LiUPU
_erda
049 _aPRUA
080 0 4 _a372.86
_bR93
_220
100 1 _aRuiz Pérez, Luis Miguel,
_eautor.
245 1 0 _aDeporte y aprendizaje
_b:procesos de adquisición y desarrollo de habilidades /
_cLuis Miguel Ruiz Pérez.
264 1 _aMadrid :
_bVisor,
_c1994.
300 _a286 áginas ;
_c24 centímetros.
336 _atext
_2rdacontent
337 _aunmediated
_2rdamedia
338 _avolume
_2rdacarrier
490 0 _aAprendizaje ;
_v95
504 _aBibliografía: páginas 269-278.
504 _aÍndice: páginas 279-286.
505 0 _aPrincipalmente epistemología -- El conocimiento de la realidad y la realidad del conocimiento -- El conocimiento del conocimiento: sentido e importancia de la epistemología -- Comentario al trabajo de León Olivé -- Principalmente ética -- Ciencia y tecnología: algúnos desafíos para la ética -- La responsabilidad moral del científico -- Comentario al libro de León Olivé, el bien, el mal y la razón -- El conocimiento en la ciencia, la tecnología y la cultura, Ruy Pérez -- El conocimiento en la ciencia, la tecnología y la cultura, León Olivé -- Comentario sobre el libro, conocimiento, realidad y relativismo.
526 _aP202
526 _aP201
526 _aP163
526 _aP162
526 _aP161
526 _aP160
526 _aP148
526 _aP147
526 _aP146
526 _aP145
526 _aP144
526 _aP143
526 _aP142
526 _aP141
526 _aP140
526 _aP139
526 _aP138
526 _aP137
526 _aP136
526 _aP135
526 _aP134
526 _aP133
526 _aP129
526 _aP128
526 _aP127
526 _aP120
526 _aP119
526 _aP118
526 _aP116
526 _aP115
526 _aP114
526 _aP110
526 _aP109
526 _aP108
526 _aP104
526 _aP103
526 _aP102
526 _aP99
526 _aP98
526 _aP97
526 _aP96
526 _aP95
526 _aP93
526 _aP90
526 _aP89
526 _aP88
526 _aP83
526 _aP82
526 _aP62
526 _aP59
526 _aP58
526 _aP57
526 _aP51
526 _aP49
526 _aP48
526 _aP47
526 _aP29
526 _aP24
526 _aP20
526 _aP19
526 _aP17
526 _aP15
526 _aP14
526 _aP12
526 _aP10
526 _aP09
526 _aP08
526 _aP07
526 _aP06
526 _aP05
526 _aP04
526 _aP01
541 _gF025-56;
650 0 _aEducación física y entrenamiento.
650 0 7 _aAprendizaje motor.
_2embucm
650 0 7 _aDeportes.
_2embucm
650 0 7 _aEducación física.
_2embucm
910 _adbm
_bjpc
_cjpc
_d20190403
942 _2ddc
_cBOOK
949 _a372.86 R93
_wDEWEY
_c1
_i80210
_lCATALOGING
_mBUL
_p17.00
_r0
_sY
_tBOOK
_u2019-04-03
_xPOSGRADO
_zP83
_0COMPRA
_o.STAFF. Colección Ciencias de la Salud
994 _aC0
_bPEPRU
596 _a1
999 _a372.86 R93
_wDEWEY
_c31310
_i80210
_f2021-11-8
_g3
_lCCODEBUL1
_mBUL
_p17.00
_r0
_sY
_tBOOK
_u2019-4-3
_xEDUCACION
_PP83
_0COMPRA
_1FCOMPR2
_o.STAFF. Colección Ciencias de la Salud
_d31310
980 _81
_gALBERTO SANCHEZ Responsable de Automatización